Normal view
MARC view
- Tschebotarioff, Gregory Porphyriewitch
Entry Personal Name
001 - CONTROL NUMBER
- control field: 42561
003 - CONTROL NUMBER IDENTIFIER
- control field: NUST
005 - DATE AND TIME OF LATEST TRANSACTION
- control field: 20210314132343.0
008 - FIXED-LENGTH DATA ELEMENTS
- fixed length control field: 210314|| aca||aabn | a|a d
040 ## - CATALOGING SOURCE
- Original cataloging agency: NUST
- Transcribing agency: NUST
100 ## - HEADING--PERSONAL NAME
- Personal name: Tschebotarioff, Gregory Porphyriewitch
670 ## - SOURCE DATA FOUND
- Source citation: Work cat.: (NUST): Tschebotarioff, Gregory Porphyriewitch,, Soil mechanics, foundations, and earth structures;, 1951.
